Catálogo
 En Linea

Micoflora domingensis : (Registro nro. 32451)

Detalles MARC
000 -CABECERA
campo de control de longitud fija 00595nam a2200133 a 4500
001 - NÚMERO DE CONTROL
campo de control 000032960
005 - FECHA Y HORA DE LA ÚLTIMA TRANSACCIÓN
campo de control 20200930065934.0
008 - DATOS DE LONGITUD FIJA--INFORMACIÓN GENERAL
campo de control de longitud fija 110804s1929 dr r 000 0 spa d
040 ## - FUENTE DE LA CATALOGACIÓN
Centro catalogador/agencia de origen DO-SdBNP
Lengua de catalogación spa
Centro/agencia transcriptor BNPHU
082 ## - NÚMERO DE LA CLASIFICACIÓN DECIMAL DEWEY
Número de clasificación xxxx
Número de documento/Ítem R426m
110 1# - ENTRADA PRINCIPAL--NOMBRE DE ENTIDAD CORPORATIVA
Nombre de entidad corporativa o nombre de jurisdicción como elemento de entrada Repúbica Dominicana.
Unidad subordinada Estación Agronómica de Moca
9 (RLIN) 58701
245 10 - MENCIÓN DE TÍTULO
Título Micoflora domingensis :
Resto del título lista de los homgos hasta la fecha indicados en Santo Domingo por el Dr. R. CIFERRI, director de la Estación Nacional Agronomica y Colegio de Agricultura de Moca.
260 ## - PUBLICACIÓN, DISTRIBUCIÓN, ETC.
Lugar de publicación, distribución, etc. Santo Domingo, R. D. :
Nombre del editor, distribuidor, etc. Imprenta de J. r. Vda. García, Sucesores,
Fecha de publicación, distribución, etc. 1929.
Existencias
Estado de retiro Estado de pérdida Restricciones de uso No para préstamo Código de colección Localización permanente Ubicación/localización actual Ubicación en estantería Fecha de adquisición Número de inventario Total de préstamos Signatura topográfica completa Código de barras Fecha visto por última vez Precio válido a partir de Tipo de ítem Koha Nota pública Número de copia
      Excluido de préstamo Raros y valiosos Patrimonio Dominicano Patrimonio Dominicano Depósito 04.08.2011 LF1   xxxx R426m 32960-10 25.06.2020 25.06.2020 No se presta Perteneció a la biblioteca personal de Martínez Boog  
      Excluido de préstamo Raros y valiosos Patrimonio Dominicano Patrimonio Dominicano En catalogación 23.08.2011 LF1   xxxx R426m 32960-20 25.06.2020 25.06.2020 No se presta Perteneció a la biblioteca personal de Carlos Larrabazal Blanco. e. 2

Con tecnología Koha